01611nam a22001817a 450000500170000000800410001702000180005804000070007604100080008308200200009110000200011124500580013126000530018930000270024236500640026952010540033365000420138720240309110407.0240305b ||||| |||| 00| 0 eng d a9781032488752 cAL aeng 223a070.5bFUCM aChristian Fuchs aMedia economy and societyb: a critical introduction  aLondonbRoutledge Taylor and Francis Groupc2024 avi,459p.bPBc23x25cm. 2Generala7739b₹2892.00c₹d₹3855.90e25%f15/02/2024 aThis essential guide to the critical study of the media economy in society teaches students how to critically analyse the political economy of communication and the media.The book introduces a variety of methods and topics, including the political economy of communication in capitalism, the political economy of media concentration, the political economy of advertising, the political economy of global media and transnational media corporations, class relations and working conditions in the capitalist media and communication industry, the political economy of the Internet and digital media, the information society and digital capitalism, the public sphere, Public Service Media, the Public Service Internet, and the political economy of media management.This will be an ideal textbook for a variety of courses relating to media and communication, including Media Economics; Political Economy of Communication; Media, Culture, and Society; Critical Media and Communication Studies; Media Sociology; Media Management; and Media Business Studies. 2Journalism And PublishingaPublishing